| 000 | 01335nam0a2200349 4500 | ||
|---|---|---|---|
| 001 | RU\NLR\BIBL_A\022359911 | ||
| 005 | 20260420020215.0 | ||
| 010 |
_a978-5-8291-4295-7 _91000 |
||
| 021 |
_aRU _bКН-П-24-053507 _9КН-П-24-5326 |
||
| 035 | _a(NLR Aleph) 022359911 | ||
| 090 |
_a13668012 _c13668012 |
||
| 100 | _a20241022d2024 k y0rusy50 ca | ||
| 101 | 1 |
_arus _ceng |
|
| 102 | _aRU | ||
| 105 | _ay z 000yy | ||
| 181 | 0 |
_ai4 _baxxe |
|
| 182 | 0 | _an | |
| 200 | 1 |
_aНевроз и личностный рост _eборьба за самореализацию _eпер. с англ. _fКарен Хорни |
|
| 203 |
_aТекст _bвизуальный _cнепосредственный |
||
| 210 |
_aМосква _cАкадемический проект _d2024 |
||
| 215 |
_a397, [1] с. _d21 |
||
| 225 | 1 | _aПсихологические технологии | |
| 320 | _aБиблиогр. в подстроч. примеч. | ||
| 333 | _a18+ | ||
| 606 | 1 |
_aНеврозы _xПсихоанализ _91719046 _3RU\NLR\AUTH\66766961 |
|
| 686 | 1 | _aЮ948.43-953.6 | |
| 686 | 1 | _aЮ91(7США)6-736.5 | |
| 700 | 1 |
_7ca _8rus _aХорни _bК. _f1885-1952 _gКарен _937099 _3RU\NLR\AUTH\7754167 |
|
| 942 | _cBOOK | ||
| 980 | _aNB | ||